The road to Suez : a study of Western-Arab relations /

محفوظ في:

المؤلف الرئيسي: Childers, Erskine B. (مؤلف)

التنسيق: كتاب

اللغة: English

منشور في: London : MacGibbon & Kee, 1962.

الموضوعات:

الوسوم: إضافة وسم

لا توجد وسوم, كن أول من يضع وسما على هذه التسجيلة!

رقم الطلب: DS63 .C475 1962

LEADER 00684namaa2200217 4500
001 20852
003 OSt
005 20260127142102.0
008 130303s1962 enka b 001 0 eng d
040 |c ARCE Library 
043 |a aw----- 
050 4 |a DS63 .C475 1962 
100 1 |a Childers, Erskine B.,   |e author 
245 1 4 |a The road to Suez :  |b a study of Western-Arab relations /  |c Erskine B. Childers. 
264 1 |a London :  |b MacGibbon & Kee,  |c 1962. 
300 |a 416 pages :   |b illustrations ;   |c 23 cm. 
504 |a Includes bibliographical references (pages 402-407) and index. 
651 0 |a Middle East  |x Politics and government. 
901 |a reviewed 
942 |c BK  |2 lcc 
999 |c 17277  |d 17277